01367nab a2200361 a 450000100060000000300080000600500170001400600190003100700150005000800410006502200140010603500210012004000260014105000190016708000110018608200120019710000200020922200680022924501000029726000580039730000150045531000140047036200200048453301640050465000640066865000340073265300400076665500320080671000190083874000690085785600620092699900170098863599FlNmELB20241217142344.0m o d | cr cn|||||||||201010r2006 sp |||||s|||||||||||spa d a1578-6730 a(OCoLC)955446639 aFlNmELBbspacFlNmELB 4aH35bR457 2006 a3(045)04a3002221 aReyes, Román. 0aNómadas: revista crítica de ciencias sociales y jurídicas10aEuropa. Siglo XXIh[recurso electronico] :bsecularización y Estados Laicos /cRomán Reyes. a[Madrid] :bUniversidad Complutense de Madrid,c2006. a259-271 p. aSemestral0 aVol. 13 (2006)- aRecurso electrónico. Santa Fe, Arg.: e-libro, 2015. Disponible vía World Wide Web. El acceso puede estar limitado para las bibliotecas afiliadas a e-libro. 4aCiencias socialesxArtículosxPublicaciones periódicas. 4aSocial sciencesxPeriodicals. aArticulosaPublicaciones periodicas 4aArtículos electrónicos.2 ae-libro, Corp.02aNómadas: revista crítica de ciencias sociales y jurídicas.40uhttps://elibro.net/ereader/politecnicointernacional/21690 c63599d63599